AAA: Arbeiten aus Anglistik und Amerikanistik
محفوظ في:
التنسيق: دورية
اللغة: Undetermined
منشور في:
JSTOR
Narr Francke Attempto Verlag GmbH Co. KG
الموضوعات:
الوصول للمادة أونلاين: Login to view Source
الوسوم: إضافة وسم
لا توجد وسوم, كن أول من يضع وسما على هذه التسجيلة!
رقم الطلب:
| LEADER | 00579nas a2200181Ia 4500 | ||
|---|---|---|---|
| 008 | 220214c99999999xx |||||||||||| ||und|| | ||
| 022 | |a 0171-5410 | ||
| 245 | 0 | 0 | |a AAA: Arbeiten aus Anglistik und Amerikanistik |
| 264 | 1 | |b JSTOR | |
| 264 | 1 | |b Narr Francke Attempto Verlag GmbH Co. KG | |
| 362 | 0 | |a (1976)-44 (2019) | |
| 653 | 1 | 0 | |a Area Studies |
| 653 | 1 | 0 | |a Humanities |
| 653 | 1 | 0 | |a Language & Literature |
| 856 | 4 | 0 | |u https://www.jstor.org/journal/aaaarbeanglamer |
| 942 | |c JL | ||
| 952 | |0 0 |1 0 |4 0 |7 1 |9 33608 |a JSR |b JSR |d 2022-02-14 |l 0 |r 2022-02-14 00:00:00 |w 2022-02-14 |y JL | ||
| 999 | |c 41942 |d 41942 | ||
